A budapesti Szimpla Kert CSR tevékenysége, és annak online kommunikációja

Bibliographic Details
Main Author: Szücs Márta
Other Authors: Vágány Dr. Judit
Format: Final Paper
Kulcsszavak:Szimpla kert
CSR
Online kommunikáció
Online Access:http://dolgozattar.uni-bge.hu/12162

MARC

LEADER 00000nta a2200000 i 4500
001 dolg12162
005 20170623102827.0
008 170518suuuu hu o 000 hun d
040 |a BGE Dolgozattár Repozitórium  |b hun 
041 |a hu 
100 1 |a Szücs Márta 
245 1 2 |a A budapesti Szimpla Kert CSR tevékenysége, és annak online kommunikációja  |c Szücs Márta  |h [elektronikus dokumentum] 
246 1 1 |a A budapesti Szimpla Kert CSR tevékenysége, és annak online kommunikációja 
516 |a Final_paper 
695 |a Szimpla kert 
695 |a CSR 
695 |a Online kommunikáció 
700 1 |a Vágány Dr. Judit  |e ths 
856 4 0 |u http://dolgozattar.uni-bge.hu/12162/1/Dolgozat_Sz%C3%BCcs_M%C3%A1rta_HNGEG5.pdf  |z Dokumentum-elérés